Country chain - Statistics

General Stats
  • This quiz has been taken 43 times
    12 since last reset
  • The average score is 17 of 20
Answer Stats
Hint Country % Correct
Landlocked country in Europe Hungary
100%
Sokotra island is a part of this country Yemen
100%
Ruled by the Taliban Afghanistan
90%
Dhaka is his captal Bangladesh
90%
Nordic country Denmark
90%
Borders Belgium Luxembourg
90%
Banned chewing gum in 1992 Singapore
90%
Home to the tallest bulding in the world United Arab Emirates
90%
Wales is a part of this country United Kingdom
90%
Has an important canal Egypt
80%
Colonised by Portugal Guinea-Bissau
80%
Go south from Lebanon to get there Israel
80%
Located on all 4 hemispheres Kiribati
80%
Claims Western Sahara to be his part Morocco
80%
Officially he dosen't have a capital Nauru
80%
Has a Union Jack on his flag New Zealand
80%
The only country that starts with this letter Oman
80%
Sandwiched between Ghana and Benin Togo
80%
Has a flag similar to India Niger
70%
Borders the Baltic Sea Russia
70%
No matching quizzes found
Score Distribution
Percent of People with Each Score
Percentile by Number Answered
Your Score History
You have not taken this quiz since the last reset